[Event "Bad Woerishofen Seniors op 32nd"]
[Site "Bad Woerishofen"]
[Date "2016.03.04"]
[Round "8"]
[White "Rothenhagen, Siegfried"]
[Black "Aufmwasser, Guenter"]
[Result "1/2-1/2"]
[WhiteElo "1806"]
[BlackElo "1701"]
[PlyCount "30"]
[EventDate "2016.02.26"]
[EventType "swiss"]
[EventRounds "9"]
[EventCountry "GER"]
[SourceTitle "EXT 2019"]
[Source "ChessBase"]
[SourceDate "2018.10.10"]
[SourceVersion "1"]
[SourceVersionDate "2018.10.10"]
[SourceQuality "1"]

1. d4 Nf6 2. Bf4 g6 3. e3 Bg7 4. h3 d5 5. c3 0-0 6. Nf3 e6 7. Bd3 Ne4 8. Nbd2 Nxd2 9. Qxd2 f5 10. h4 Bf6 11. Bh6 Bg7 12. Bxg7 Kxg7 13. Ne5 Nd7 14. f4 Nxe5 15. dxe5 h5 1/2-1/2

[Event "Bad Woerishofen Seniors op 32nd"]
[Site "Bad Woerishofen"]
[Date "2016.03.01"]
[Round "5"]
[White "Gepting, Konrad"]
[Black "Rothenhagen, Siegfried"]
[Result "0-1"]
[WhiteElo "1620"]
[BlackElo "1806"]
[PlyCount "56"]
[EventDate "2016.02.26"]
[EventType "swiss"]
[EventRounds "9"]
[EventCountry "GER"]
[SourceTitle "EXT 2019"]
[Source "ChessBase"]
[SourceDate "2018.10.10"]
[SourceVersion "1"]
[SourceVersionDate "2018.10.10"]
[SourceQuality "1"]

1. b3 d5 2. Bb2 Bf5 3. e3 e6 4. h3 h6 5. Nf3 Nf6 6. Nd4 Bh7 7. Nc3 Be7 8. Be2 0-0 9. Bf3 c5 10. Nde2 Nc6 11. Ng3 a6 12. Nh5 Nxh5 13. Bxh5 Bf6 14. d3 b5 15. Qc1 Qa5 16. 0-0 Bxc3 17. Bxc3 Qxc3 18. f4 Ne7 19. Bf3 Rac8 20. g4 c4 21. bxc4 bxc4 22. e4 Qd4+ 23. Kh1 cxd3 24. g5 dxe4 25. Bd1 Nf5 26. gxh6 Ng3+ 27. Kg2 Nxf1 28. Kxf1 e3 0-1

[Event "Bad Woerishofen Seniors op 32nd"]
[Site "Bad Woerishofen"]
[Date "2016.02.27"]
[Round "2"]
[White "Rothenhagen, Siegfried"]
[Black "Bachmann, Rolf"]
[Result "0-1"]
[WhiteElo "1806"]
[BlackElo "1993"]
[PlyCount "82"]
[EventDate "2016.02.26"]
[EventType "swiss"]
[EventRounds "9"]
[EventCountry "GER"]
[SourceTitle "EXT 2019"]
[Source "ChessBase"]
[SourceDate "2018.10.10"]
[SourceVersion "1"]
[SourceVersionDate "2018.10.10"]
[SourceQuality "1"]

1. d4 Nf6 2. Bf4 g6 3. Nf3 Bg7 4. h3 0-0 5. e3 d6 6. c3 Nbd7 7. Bc4 Nb6 8. Bd3 Re8 9. Bg5 e5 10. dxe5 dxe5 11. Bxf6 Qxf6 12. Nbd2 Qe7 13. e4 Be6 14. 0-0 Red8 15. Qe2 Rd7 16. Bc4 Bh6 17. Bxe6 Qxe6 18. Nb3 Qe7 19. Rfd1 Rad8 20. Rxd7 Rxd7 21. Rd1 f6 22. Rxd7 Qxd7 23. Nbd2 c6 24. b3 Kf8 25. Kf1 Qe6 26. Qd3 Ke7 27. c4 Qd6 28. Qxd6+ Kxd6 29. Ke2 Kc5 30. Kd3 Kb4 31. Nb1 a5 32. Kc2 a4 33. a3+ Kc5 34. Nbd2 Bxd2 35. Nxd2 Kd4 36. bxa4 Nxc4 37. Nxc4 Kxc4 38. f3 h5 39. g3 g5 40. Kb2 Kd3 41. Kb3 c5 0-1

[Event "Bad Woerishofen Seniors op 30th"]
[Site "Bad Woerishofen"]
[Date "2014.03.28"]
[Round "8"]
[White "Rothenhagen, Siegfried"]
[Black "Aigner, Georg"]
[Result "1/2-1/2"]
[WhiteElo "1816"]
[BlackElo "1894"]
[PlyCount "119"]
[EventDate "2014.03.21"]
[EventType "swiss"]
[EventRounds "9"]
[EventCountry "GER"]
[SourceTitle "EXT 2019"]
[Source "ChessBase"]
[SourceDate "2018.10.10"]
[SourceVersion "1"]
[SourceVersionDate "2018.10.10"]
[SourceQuality "1"]

1. d4 Nf6 2. Nf3 d5 3. Bf4 e6 4. h3 Bd6 5. Ne5 Nh5 6. Bh2 Nc6 7. Nxc6 bxc6 8. Bxd6 Qxd6 9. c3 Nf4 10. e3 Ng6 11. Bd3 e5 12. Bxg6 Qxg6 13. Qf3 Ba6 14. Na3 Rb8 15. 0-0-0 exd4 16. exd4 0-0 17. Qg3 Qxg3 18. fxg3 Rfe8 19. Rde1 Re4 20. Nc2 Rbe8 21. Rxe4 dxe4 22. Ne3 Re6 23. Rd1 Bd3 24. Rd2 Rf6 25. Kd1 Rd6 26. Ke1 g6 27. g4 Kf8 28. Rf2 Ke7 29. Kd2 Rd8 30. g5 Rb8 31. Kc1 Rd8 32. Rf4 Kf8 33. Ng4 Rd5 34. Ne5 Kg8 35. Kd2 c5 36. Nxd3 exd3 37. dxc5 Rxg5 38. Rf2 Rxc5 39. Kxd3 f5 40. Kd4 Rc6 41. Re2 Kf7 42. c4 g5 43. Rf2 Rf6 44. Kc5 f4 45. Rd2 Ke6 46. Kc6 Rf7 47. Re2+ Kf5 48. Kd5 Rf6 49. Re5+ Kg6 50. Re6 Rxe6 51. Kxe6 g4 52. hxg4 Kg5 53. c5 Kxg4 54. Kd7 Kg3 55. Kxc7 Kxg2 56. Kb7 f3 57. Kb8 f2 58. c6 f1Q 59. c7 Qf7 60. c8Q 1/2-1/2

[Event "Bad Woerishofen Seniors op 30th"]
[Site "Bad Woerishofen"]
[Date "2014.03.26"]
[Round "6"]
[White "Hartlaub, Marianne"]
[Black "Rothenhagen, Siegfried"]
[Result "0-1"]
[WhiteElo "1596"]
[BlackElo "1816"]
[PlyCount "100"]
[EventDate "2014.03.21"]
[EventType "swiss"]
[EventRounds "9"]
[EventCountry "GER"]
[SourceTitle "EXT 2019"]
[Source "ChessBase"]
[SourceDate "2018.10.10"]
[SourceVersion "1"]
[SourceVersionDate "2018.10.10"]
[SourceQuality "1"]

1. c4 Nf6 2. Nc3 d5 3. d4 c6 4. b3 Bf5 5. Nf3 h6 6. Bb2 e6 7. g3 Bb4 8. Bg2 Ne4 9. Rc1 Qa5 10. Nd2 Nxc3 11. Bxc3 Bxc3 12. cxd5 exd5 13. a3 Bxd2+ 14. Qxd2 Qxd2+ 15. Kxd2 0-0 16. Rhe1 Re8 17. f3 Nd7 18. e4 dxe4 19. fxe4 Bh7 20. Re3 Re7 21. Rce1 Rae8 22. a4 Nf6 23. Kd3 Ng4 24. R3e2 Nxh2 25. Kc3 Ng4 26. e5 Bf5 27. Be4 Bxe4 28. Rxe4 Nf6 29. Rf4 Nd5+ 30. Kc4 Nxf4 31. gxf4 Rd7 32. f5 Rd5 33. b4 Red8 34. Re4 Kf8 35. Rf4 Kg8 36. Rg4 Kh7 37. Rf4 b5+ 38. axb5 cxb5+ 39. Kc3 Rc8+ 40. Kd3 Rc4 41. e6 fxe6 42. fxe6 Rc7 43. Ke4 Rh5 44. d5 Rc4+ 45. Kf3 Rxd5 46. Rxc4 bxc4 47. Ke4 Rd1 48. b5 c3 49. e7 Re1+ 50. Kd3 Rxe7 0-1

[Event "Bad Woerishofen Seniors op 28th"]
[Site "Bad Woerishofen"]
[Date "2012.03.04"]
[Round "3.48"]
[White "Di Lazzaro, Gabriele"]
[Black "Rothenhagen, Siegfried"]
[Result "1/2-1/2"]
[WhiteElo "1859"]
[BlackElo "1597"]
[PlyCount "88"]
[EventDate "2012.03.02"]
[EventType "swiss"]
[EventRounds "9"]
[EventCountry "GER"]
[SourceTitle "EXT 2022"]
[Source "ChessBase"]
[SourceDate "2021.10.06"]
[SourceVersion "1"]
[SourceVersionDate "2021.10.06"]
[SourceQuality "1"]

1. d4 Nf6 2. Nc3 d5 3. Bg5 e6 4. e4 dxe4 5. Nxe4 Be7 6. Bxf6 Bxf6 7. Nf3 Nd7 8. Bd3 b6 9. Qe2 0-0 10. 0-0-0 a5 11. g4 Bb7 12. h4 Be7 13. g5 c5 14. dxc5 Qc7 15. cxb6 Nxb6 16. Rhg1 Nd5 17. Kb1 Qb6 18. Ne5 Rfd8 19. Nc4 Qc7 20. h5 Nf4 21. Qf3 Nxd3 22. cxd3 Rd4 23. Ncd2 Rad8 24. Nb3 Bxe4 25. dxe4 Rxd1+ 26. Rxd1 Rxd1+ 27. Qxd1 Bxg5 28. Qc2 Qd8 29. a3 Qa8 30. f3 Be7 31. Qc7 Bd8 32. Qd7 Bf6 33. Nc5 Kf8 34. Qb5 Bd8 35. Qd7 Bf6 36. Nb7 Qb8 37. b3 Be7 38. Ka2 Qa8 39. Kb2 Bf6+ 40. Ka2 Be7 41. e5 Bg5 42. Qc7 g6 43. hxg6 hxg6 44. Nd6 Qxf3 1/2-1/2

[Event "Bad Woerishofen op 25th"]
[Site "Bad Woerishofen"]
[Date "2009.03.08"]
[Round "4"]
[White "Plug, Arjan JH"]
[Black "Rothenhagen, Siegfried"]
[Result "1/2-1/2"]
[WhiteElo "1982"]
[BlackElo "1772"]
[PlyCount "54"]
[EventDate "2009.03.05"]
[EventType "swiss"]
[EventRounds "9"]
[EventCountry "GER"]
[SourceTitle "CBM 129 Extra"]
[Source "ChessBase"]
[SourceDate "2009.05.05"]
[SourceVersion "2"]
[SourceVersionDate "2009.05.20"]
[SourceQuality "1"]

1. e4 d5 2. exd5 Qxd5 3. Nf3 Nf6 4. Nc3 Qd6 5. Be2 Bg4 6. Nb5 Qd8 7. Ne5 Bxe2 8. Qxe2 c6 9. Nc3 e6 10. d3 Be7 11. 0-0 0-0 12. Bd2 Nbd7 13. f4 Bc5+ 14. Kh1 Qc7 15. Rae1 Bd4 16. Nd1 Rfe8 17. c3 Bb6 18. Nf2 Bxf2 19. Qxf2 b6 20. d4 c5 21. f5 cxd4 22. cxd4 exf5 23. Qxf5 Nxe5 24. dxe5 Nd5 25. e6 fxe6 26. Rxe6 Rf8 27. Qd3 Rxf1+ 1/2-1/2

[Event "Bad Woerishofen op 24th"]
[Site "Bad Woerishofen"]
[Date "2008.03.03"]
[Round "5"]
[White "Rothenhagen, Siegfried"]
[Black "Spitschan, Hansjoerg"]
[Result "1-0"]
[WhiteElo "1625"]
[BlackElo "1426"]
[PlyCount "43"]
[EventDate "2008.02.28"]
[EventType "swiss"]
[EventRounds "9"]
[EventCountry "GER"]
[SourceTitle "EXT 2022"]
[Source "ChessBase"]
[SourceDate "2021.10.06"]
[SourceVersion "1"]
[SourceVersionDate "2021.10.06"]
[SourceQuality "1"]

1. d4 d5 2. Nf3 Nf6 3. Bf4 e6 4. e3 Bd6 5. Ne5 Nbd7 6. Bd3 c5 7. c3 cxd4 8. exd4 Bc7 9. Nd2 Bd6 10. Ndf3 Be7 11. Qe2 a6 12. 0-0 0-0 13. Rfe1 Re8 14. Nxf7 Qb6 15. N7g5 Nf8 16. Ne5 g6 17. Ngf7 Nh5 18. Nh6+ Kg7 19. Be3 Bf6 20. g4 Bxe5 21. dxe5 d4 22. cxd4 1-0

[Event "Bad Woerishofen op 24th"]
[Site "Bad Woerishofen"]
[Date "2008.02.28"]
[Round "1"]
[White "Rothenhagen, Siegfried"]
[Black "Stuemer, Paul"]
[Result "0-1"]
[WhiteElo "1851"]
[BlackElo "2160"]
[PlyCount "50"]
[EventDate "2008.02.28"]
[EventType "swiss"]
[EventRounds "9"]
[EventCountry "GER"]
[SourceTitle "CBM 123 Extra"]
[Source "ChessBase"]
[SourceDate "2008.05.06"]
[SourceVersion "1"]
[SourceVersionDate "2008.05.06"]
[SourceQuality "1"]

1. d4 Nf6 2. Nf3 g6 3. e3 Bg7 4. Bd3 b6 5. Nbd2 Bb7 6. 0-0 0-0 7. c3 d6 8. e4 Nbd7 9. Qe2 a5 10. e5 dxe5 11. dxe5 Nd5 12. e6 Nf4 13. exf7+ Rxf7 14. Qe3 Nc5 15. Bc4 e6 16. Nb3 Nxg2 17. Kxg2 Rxf3 18. Qxf3 Bxf3+ 19. Kxf3 Qh4 20. Nxc5 Qxc4 21. Be3 bxc5 22. Rfd1 h5 23. Rg1 Rf8+ 24. Kg2 Qe4+ 25. Kf1 Qxe3 0-1

[Event "Bad Woerishofen op 19th"]
[Site "Bad Woerishofen"]
[Date "2003.03.18"]
[Round "6"]
[White "Rothenhagen, Siegfried"]
[Black "Lang, Ludwig"]
[Result "1-0"]
[WhiteElo "1620"]
[BlackElo "1101"]
[PlyCount "53"]
[EventDate "2003.03.13"]
[EventType "swiss"]
[EventRounds "9"]
[EventCountry "GER"]
[SourceTitle "CBM 093 Extra"]
[Source "ChessBase"]
[SourceDate "2003.05.09"]
[SourceVersion "1"]
[SourceVersionDate "2003.05.09"]
[SourceQuality "1"]

1. d4 d5 2. Nf3 Nf6 3. e3 e6 4. Bd3 Nc6 5. c3 Bd7 6. Nbd2 Bd6 7. e4 dxe4 8. Nxe4 Nd5 9. 0-0 0-0 10. Re1 f5 11. Nxd6 cxd6 12. Bc4 Nc7 13. d5 exd5 14. Bxd5+ Kh8 15. Ng5 Qf6 16. Qb3 Nxd5 17. Qxd5 b6 18. Bf4 Ne7 19. Qxd6 Qxd6 20. Bxd6 Ng6 21. Bxf8 Rxf8 22. Rad1 Bc6 23. Rd6 Ba8 24. Red1 Ne7 25. Rd8 Kg8 26. Rxf8+ Kxf8 27. Rd8# 1-0

[Event "Bad Woerishofen op 19th"]
[Site "Bad Woerishofen"]
[Date "2003.03.16"]
[Round "4"]
[White "Rothenhagen, Siegfried"]
[Black "Dittlow, Holger"]
[Result "1/2-1/2"]
[WhiteElo "1620"]
[BlackElo "1430"]
[PlyCount "49"]
[EventDate "2003.03.13"]
[EventType "swiss"]
[EventRounds "9"]
[EventCountry "GER"]
[SourceTitle "CBM 093 Extra"]
[Source "ChessBase"]
[SourceDate "2003.05.09"]
[SourceVersion "1"]
[SourceVersionDate "2003.05.09"]
[SourceQuality "1"]

1. d4 Nc6 2. Nf3 d6 3. e4 Bg4 4. Bb5 Bxf3 5. Qxf3 e6 6. d5 a6 7. Bxc6+ bxc6 8. dxc6 Nf6 9. 0-0 Be7 10. Nc3 Qb8 11. Re1 e5 12. Nd5 Nxd5 13. exd5 0-0 14. Qb3 Qc8 15. Re4 Qf5 16. Rb4 Qc8 17. Qa4 f5 18. Rb7 f4 19. f3 g5 20. Bd2 g4 21. Qe4 gxf3 22. Qxf3 Kh8 23. Ba5 Qf5 24. Bc3 Rac8 25. Re1 1/2-1/2

[Event "Bad Woerishofen op 19th"]
[Site "Bad Woerishofen"]
[Date "2003.03.14"]
[Round "2"]
[White "Rothenhagen, Siegfried"]
[Black "Lamberger, Werner"]
[Result "0-1"]
[WhiteElo "1620"]
[BlackElo "2048"]
[PlyCount "66"]
[EventDate "2003.03.13"]
[EventType "swiss"]
[EventRounds "9"]
[EventCountry "GER"]
[SourceTitle "CBM 093 Extra"]
[Source "ChessBase"]
[SourceDate "2003.05.09"]
[SourceVersion "1"]
[SourceVersionDate "2003.05.09"]
[SourceQuality "1"]

1. d4 f5 2. e4 fxe4 3. Nc3 Nf6 4. Bg5 Nc6 5. Bxf6 exf6 6. Nxe4 Qe7 7. Qh5+ g6 8. Qe2 Nxd4 9. Nxf6+ Kf7 10. Qxe7+ Bxe7 11. Bc4+ Kxf6 12. 0-0-0 Nf5 13. Nf3 Bc5 14. g4 Ne7 15. Rhe1 Nc6 16. Re2 d6 17. g5+ Kg7 18. Bd5 Rf8 19. Bxc6 bxc6 20. Nd4 Bxd4 21. Rxd4 Bd7 22. Re7+ Rf7 23. Rde4 c5 24. Kd2 Raf8 25. c4 Rxe7 26. Rxe7+ Rf7 27. Re2 Kf8 28. Kd3 Rf3+ 29. Kd2 Kf7 30. Ke1 a5 31. Kf1 Rf4 32. Re3 Rxc4 33. Rb3 Rb4 0-1

[Event "Bad Woerishofen op 17th"]
[Site "Bad Woerishofen"]
[Date "2001.??.??"]
[Round "4"]
[White "Rothenhagen, Siegfried"]
[Black "Huhn, Ulrich"]
[Result "1/2-1/2"]
[WhiteElo "1715"]
[BlackElo "2048"]
[PlyCount "133"]
[EventDate "2001.03.15"]
[EventType "swiss"]
[EventRounds "9"]
[EventCountry "GER"]
[SourceTitle "CBM 081 Extra"]
[Source "ChessBase"]
[SourceDate "2001.05.06"]
[SourceVersion "1"]
[SourceVersionDate "2001.05.06"]
[SourceQuality "1"]

1. d4 d5 2. Bf4 Bf5 3. e3 c6 4. c4 e6 5. a3 a5 6. cxd5 exd5 7. Nf3 Nd7 8. Bd3 Bxd3 9. Qxd3 Ngf6 10. Nbd2 Be7 11. 0-0 Nh5 12. Rfe1 0-0 13. Bg3 Nxg3 14. hxg3 f5 15. Ne5 Bd6 16. Nxd7 Qxd7 17. Nf3 Qe7 18. Qc3 Kh8 19. Ne5 Rfe8 20. Nd3 Kg8 21. Rac1 Rec8 22. Nc5 Bxc5 23. Qxc5 Qxc5 24. Rxc5 Re8 25. Rec1 Kf7 26. Kf1 Ke6 27. Ke2 Ra6 28. R1c3 Rb6 29. Rc2 Ra8 30. Rd2 a4 31. Rcc2 Ra5 32. Kf3 h5 33. Kf4 Kf6 34. Kf3 Kg5 35. Rc3 Rab5 36. Rcc2 Rb3 37. Re2 Ra6 38. Rc5 Rab6 39. Rcc2 Kf6 40. Red2 g6 41. Kf4 Ra6 42. Rc5 Ra8 43. Kf3 g5 44. Rc3 Rb6 45. Rc1 Re8 46. Rh1 Kg6 47. Rc1 Rb3 48. Rc3 Rb6 49. Rc5 g4+ 50. Ke2 Ra8 51. Rc1 Ra5 52. Rcc2 Rab5 53. Kd3 Rb3+ 54. Ke2 Kg5 55. Kf1 Ra6 56. Ke2 Ra8 57. Rd1 Rh8 58. Rh1 Rb6 59. Kd2 Rh7 60. Ke2 Re7 61. Kd2 Re8 62. Ke2 Rh8 63. Kd2 Ra6 64. Rcc1 Rh6 65. Kc3 Rb6 66. Rc2 Rb3+ 67. Kd2 1/2-1/2